• 首页
  • 本馆介绍
  • 公告通知
  • 最新文献
  • 馆藏检索
  • 电子资源
  • 读者导购
  • 参考咨询
  • 我的图书馆
  • 登录
  • 详细信息显示
  • 放入我的书架
  • 预约/预借图书
  • 作者相关作品
  • 分类相关作品
  • 丛书相关作品
  • 出版社相关作品

书目信息

  • 表格格式
  • 工作单格式
  • 卡片格式
题名:
西班牙语速成
    
 
作者: 李威伦 编著
分册: 上  
出版信息: 北京   北京语言大学出版社  2005
页数: 10,404页
开本: 23cm
丛书名:
单 册:
中图分类: H34
科图分类:
主题词: 西班牙语--教材 , 西班牙语
电子资源:
ISBN: 7-5619-1427-X
000 00777nam0 2200253 450
001 010060010989
005 20061105111828.14
010    @a7-5619-1427-X@dCNY48.00
100    @a20051222d2005 em y0chiy0110 ea
101 0  @achi@aspa
102    @aCN@b110000
105    @ak z 000yy
200 1  @a西班牙语速成@9xi ban ya yu su cheng@h上@f李威伦编著
205    @a修订版
210    @a北京@c北京语言大学出版社@d2005
215    @a10,404页@d23cm
330    @a本书包括上下两册,上册共有28课,下册共有18课。全书包括西班牙语的语音、基本语法和两千多常用词。
510 1  @aCurso Intensivo De Espanol@zspa
606 0  @a西班牙语@j教材
606 0  @a西班牙语
690    @aH34@v4
701  0 @a李威伦@9li wei lun@4编著
801  0 @aCN@bRENTIAN@c20061105
905    @a10447@dH34@e14:1=2
    
    西班牙语速成.上/李威伦编著.-修订版.-北京:北京语言大学出版社,2005
    10,404页;23cm
    
    
    ISBN 7-5619-1427-X:CNY48.00
    本书包括上下两册,上册共有28课,下册共有18课。全书包括西班牙语的语音、基本语法和两千多常用词。
●
相关链接 在E读中查询图书 在五车中查询图书 在当当中查询图书 在豆瓣中查询图书


正题名:西班牙语速成     索取号:H34/14:1=2         预约/预借

序号 登录号 条形码 馆藏地/架位号 状态 备注
1 0380494   203804945   第二样本阅览室/ [索取号:H34/14:1=2] 在馆    
2 0380495   203804954   第四借阅区/ [索取号:H34/14:1=2] 在馆    
3 0380496   203804963   第四借阅区/ [索取号:H34/14:1=2] 在馆    
4 0380497   203804972   第四借阅区/ [索取号:H34/14:1=2] 在馆    
5 0380498   203804981   第四借阅区/ [索取号:H34/14:1=2] 在馆    
唐山师范学院图书馆 欢迎您!
大连网信软件有限公司© 版权所有